¿ Una nueva era de hegemonía norteamericana ?
Պահպանված է:
| Հիմնական հեղինակ: | |
|---|---|
| Համատեղ հեղինակ: | |
| Ձևաչափ: | Տեքստ |
| Հրապարակվել է: |
Buenos Aires:
Grupo Editor Latinoamericano
|
| Ցուցիչներ: |
Ավելացրեք ցուցիչ
Չկան պիտակներ, Եղեք առաջինը, ով նշում է այս գրառումը!
|
MARC
| LEADER | 00000 a a2200000 04500 | ||
|---|---|---|---|
| 001 | 24722 | ||
| 003 | |||
| 040 | |||
| 090 | |a 177800 | ||
| 100 | |a Maira, Luis | ||
| 110 | |a RIAL | ||
| 245 | |a ¿ Una nueva era de hegemonía norteamericana ? | ||
| 260 | |a Buenos Aires: |b Grupo Editor Latinoamericano | ||
| 300 | |a 361 p | ||
| 999 | |c 8641 |d 8641 | ||
